Matematika pre gymnáziá : úvod : teória čísel /

Gespeichert in:
Bibliographische Detailangaben
Hauptverfasser: Smida, Jozef (VerfasserIn), Šedivý, Jaroslav 1934-1988 (VerfasserIn)
Format: Buch
Sprache:Slowakisch
Veröffentlicht: Bratislava : Slovenské pedagogické nakladateľstvo, 2005
Ausgabe:5. uprav. vyd.
Schlagworte:
ISBN:8010007609
Online-Zugang: Volltext
Tags: Tag hinzufügen
Keine Tags, Fügen Sie den ersten Tag hinzu!

MARC

LEADER 00000nam a2200000 4500
003 SK-BrCVT
005 20220621162220.0
008 070307s2005 xo e ||||||slo d
020 |a 8010007609 
035 |a CVTIDW1393664 
040 |b slo  |a CVTI SR  |e AACR2 
041 0 |a slo 
044 |a xo 
080 |a 51  |2 UDC-MRF 
100 1 |a Smida, Jozef  |4 aut 
245 1 0 |a Matematika pre gymnáziá :  |b úvod : teória čísel /  |c Jozef Smida, Jaroslav Šedivý 
250 |a 5. uprav. vyd. 
260 |a Bratislava :  |b Slovenské pedagogické nakladateľstvo,  |c 2005 
300 |a 112 s. :  |b grafy, obr., tab. ; 
653 1 |a rovnica  |a množina  |a prirodzené číslo  |a reálne číslo 
700 1 |a Šedivý, Jaroslav  |d 1934-1988,  |4 aut 
910 |b A600840 
919 |a 80-10-00760-9 
974 |f Knihy 
992 |a AUS 
999 |c 148631  |d 148631